Lili, libertad (Record no. 188404)

MARC details
000 -LÍDER
campo de controle de tamanho fixo 00331 a2200157 4500
001 - NÚMERO DE CONTROLE
campo de controle 188404
020 ## - ISBN - INTERNATIONAL STANDARD BOOK NUMBER
ISBN - International Standard Book Number 84-348-5066-4
040 ## - FONTE DA CATALOGAÇÃO
Instituição que transcreveu o registro Magnum
100 ## - ENTRADA PRINCIPAL--NOME PESSOAL
Nome pessoal Trenor, Gonzalo Moure
240 10 - TÍTULO UNIFORME
Título uniforme Lili, libertad
Idioma da obra ESP
245 10 - TÍTULO
Título Lili, libertad
300 ## - DESCRIÇÃO FÍSICA
Extensão 109
362 0# - DATAS DE PUBLICAÇÃO E/OU DESIGNAÇÃO SEQUENCIAL
Datas de publicação e/ou designação sequencial 2005
697 ## - ENTRADA DE ASSUNTO LOCAL--ENTIDADE COLETIVA (RLIN)
Nome corporativo ou nome da jurisdição LITERATURA ESPANHOLA
942 ## - ELEMENTOS DE ENTRADA ADICIONADOS (KOHA)
Tipo de material Koha Livros
Holdings
Situação do descarte Situação das perdas Situação física Não pode ser emprestado Biblioteca de origem Biblioteca atual Data de aquisição Total de empréstimos Número de chamada completo Código de barras Data de último acesso Data do preço efetivo Tipo de material Koha
        Magnum Magnum 08/06/2024   863.102 MAG00061300 08/06/2024 08/06/2024 Livros